[Event "BL 1415 USV TU Dresden - SSC Rostock"]
[Site "?"]
[Date "2015.02.01"]
[Round "9.6"]
[White "Seifert, Volker"]
[Black "Ackermann, Hans Werner"]
[Result "1-0"]
[WhiteElo "2342"]
[BlackElo "2310"]
[PlyCount "117"]
[EventDate "2015.??.??"]

1. d4 Nf6 2. c4 e6 3. Nc3 Bb4 4. Qc2 O-O 5. a3 Bxc3+ 6. Qxc3 d6 7. Bg5 Nbd7 8.
e3 b6 9. Ne2 Ba6 10. Qc2 c5 11. Rd1 Qc7 12. Qa4 Bb7 13. Nc3 a6 14. f3 h6 15.
Bh4 d5 16. Bg3 Qc8 17. cxd5 exd5 18. Be2 Re8 19. Bf2 b5 20. Qb3 c4 21. Qc2 Bc6
22. O-O a5 23. e4 Nb6 24. e5 Nh7 25. b4 axb4 26. axb4 Re7 27. f4 Na4 28. Bh4
Rea7 29. f5 Nxc3 30. Qxc3 Ra3 31. Qc1 Qf8 32. f6 g5 33. Be1 Bd7 34. h4 Kh8 35.
Rf3 Ra2 36. Re3 Be6 37. Bd2 Qd8 38. Bh5 Qb6 39. Bc3 Rg8 40. Rg3 Qa7 41. Rf1 Qb8
42. Bd2 gxh4 43. Rg7 Qa7 44. Bg6 Rxg7 45. fxg7+ Kxg7 46. Bxh6+ Kh8 47. Bb1
Qxd4+ 48. Be3 Qb2 49. Bxa2 Qxa2 50. Bd4 h3 51. Rf2 Qb3 52. Bc3 d4 53. Bxd4 Qg3
54. Qf4 Qd3 55. Rd2 Qg6 56. Be3 Kg7 57. Kh2 Qh5 58. Qg3+ Kf8 59. Bc5+ 1-0

[Event "BL 1415 USV TU Dresden - SSC Rostock"]
[Site "?"]
[Date "2015.02.01"]
[Round "9.7"]
[White "Jaster, Robert Dr"]
[Black "Hoffmann, Paul"]
[Result "0-1"]
[WhiteElo "2302"]
[BlackElo "2355"]
[PlyCount "118"]
[EventDate "2015.??.??"]

1. d4 e6 2. c4 Nf6 3. g3 Bb4+ 4. Bd2 Qe7 5. Bg2 Nc6 6. e3 e5 7. d5 Nb8 8. Ne2
a5 9. Nbc3 Na6 10. O-O O-O 11. Qc2 Nc5 12. e4 d6 13. h3 Ne8 14. Kh2 f5 15. f4
fxe4 16. fxe5 Rxf1 17. Rxf1 Qxe5 18. Bf4 Qh5 19. a3 Bxc3 20. Nxc3 Bf5 21. Qe2
Qxe2 22. Nxe2 Bg6 23. Bg5 Nf6 24. Nf4 Re8 25. Nxg6 hxg6 26. Re1 a4 27. Re2 b5
28. cxb5 Nxd5 29. g4 Nf6 30. Be3 Nb3 31. g5 Nd7 32. Bf4 Ndc5 33. b6 cxb6 34.
Bxd6 Nd4 35. Re1 e3 36. Bxc5 bxc5 37. Kg3 e2 38. Bd5+ Kf8 39. Bc4 Re4 40. Kf2
Nc2 41. Bxe2 Nxe1 42. Kxe1 Ke7 43. Kd2 Kd6 44. Bd3 Rh4 45. Bxg6 Rxh3 46. Bc2
Rh4 47. Kc3 Kd5 48. g6 Rg4 49. Bf5 Rg3+ 50. Kd2 Kd4 51. Bc2 c4 52. Kc1 c3 53.
bxc3+ Kxc3 54. Bxa4 Rxg6 55. Bd1 Rd6 56. a4 g5 57. Be2 Kb4 58. Bd1 Rd4 59. Kc2
Kxa4 0-1

[Event "BL 1415 USV TU Dresden - SSC Rostock"]
[Site "?"]
[Date "2015.02.01"]
[Round "9.8"]
[White "Neef, Maximilian"]
[Black "Weber, Max"]
[Result "1-0"]
[WhiteElo "2361"]
[BlackElo "2174"]
[PlyCount "129"]
[EventDate "2015.??.??"]

1. Nf3 Nf6 2. c4 g6 3. Nc3 d5 4. cxd5 Nxd5 5. g3 Bg7 6. Bg2 Nc6 7. O-O O-O 8.
Na4 e5 9. d3 Nd4 10. Bd2 c6 11. Rc1 Bg4 12. Nxd4 exd4 13. h3 Be6 14. Kh2 Qe7
15. Re1 Rad8 16. Nc5 Nc3 17. bxc3 Qxc5 18. cxd4 Qxd4 19. Be3 Qd7 20. Qa4 Bd4
21. Bxd4 Qxd4 22. Qxd4 Rxd4 23. Rb1 Bc8 24. Red1 Ra4 25. Rd2 Rd8 26. e3 Rd6 27.
d4 b6 28. g4 Be6 29. Rc1 f6 30. Bxc6 Rxa2 31. Rxa2 Bxa2 32. Kg3 a5 33. Kf4 Kf7
34. Ke4 Bb3 35. d5 a4 36. Kd4 Ke7 37. e4 h6 38. Ra1 Rd8 39. Ra3 Bd1 40. Kc4 Kd6
41. Bxa4 Be2+ 42. Kb4 Ke5 43. Re3 Bf1 44. Bb5 Bg2 45. Bd3 Kf4 46. Kc4 Ra8 47.
Kb5 f5 48. exf5 gxf5 49. d6 fxg4 50. hxg4 Rd8 51. Re6 Kxg4 52. Kxb6 Rb8+ 53.
Kc7 Rb7+ 54. Kc8 Bc6 55. Rxh6 Rf7 56. Be2+ Kf4 57. Bc4 Rd7 58. Bd5 Bb5 59. Re6
Kf5 60. f3 Ba4 61. Bc4 Bc6 62. Bb3 Rb7 63. Re3 Kf4 64. Rc3 Bxf3 65. Rxf3+ 1-0

[Event "BL 1415 OSG Baden Baden - Werder Bremen"]
[Site "?"]
[Date "2015.02.01"]
[Round "9.3"]
[White "McShane, Luke J"]
[Black "Shirov, Alexei"]
[Result "1/2-1/2"]
[WhiteElo "2672"]
[BlackElo "2675"]
[PlyCount "94"]
[EventDate "2015.??.??"]

1. e4 e5 2. Nf3 Nf6 3. Nxe5 d6 4. Nf3 Nxe4 5. Nc3 Nxc3 6. dxc3 Be7 7. Be3 Nc6
8. Qd2 Be6 9. O-O-O Qd7 10. Kb1 Bf6 11. Be2 Ne5 12. Rhe1 O-O 13. Bd4 Qa4 14. b3
Qa5 15. c4 Qxd2 16. Nxd2 Nd3 17. Bxf6 Nxe1 18. Bc3 Nxg2 19. Rg1 Bh3 20. Bf3
Rae8 21. Bxg2 Bxg2 22. Rxg2 Re1+ 23. Kb2 f6 24. Nf3 Re4 25. Nd4 Kf7 26. f3 Re5
27. Nb5 Re7 28. Bd4 a6 29. Nc3 Re1 30. Ne4 Rf1 31. Bf2 Re8 32. a4 g5 33. Ng3
Rd1 34. Kc3 Kg6 35. Ne4 h5 36. Bd4 Rf1 37. Bf2 Re5 38. Kd2 h4 39. Ke2 Rh1 40.
Bxh4 f5 41. Bxg5 Kf7 42. Bf4 Re6 43. Kd3 fxe4+ 44. fxe4 Rf6 45. Bg3 Ke6 46. Re2
Rf3+ 47. Kd2 c6 1/2-1/2

[Event "BL 1415 OSG Baden Baden - Werder Bremen"]
[Site "?"]
[Date "2015.02.01"]
[Round "9.5"]
[White "Nyback, Tomi"]
[Black "Nisipeanu, Liviu-Dieter"]
[Result "1-0"]
[WhiteElo "2604"]
[BlackElo "2658"]
[PlyCount "81"]
[EventDate "2015.??.??"]

1. d4 Nf6 2. c4 e6 3. g3 d5 4. Nf3 Bb4+ 5. Bd2 Be7 6. Bg2 O-O 7. O-O c6 8. Qc2
Nbd7 9. Bf4 b6 10. Rd1 Bb7 11. Ne5 Nh5 12. Bc1 Nhf6 13. cxd5 cxd5 14. Nc6 Bxc6
15. Qxc6 Rc8 16. Qb5 Ne8 17. Nc3 Nd6 18. Qd3 Nf6 19. f3 Nc4 20. b3 Na5 21. Bb2
Nc6 22. Kh1 Qd7 23. e3 Rfd8 24. Rac1 Qe8 25. a3 Na5 26. Nb1 Rxc1 27. Rxc1 Rc8
28. Rxc8 Qxc8 29. Nd2 h5 30. Kg1 Qc7 31. e4 dxe4 32. fxe4 h4 33. b4 Nc6 34. Qc3
hxg3 35. e5 gxh2+ 36. Kxh2 Nd5 37. Bxd5 exd5 38. b5 Qc8 39. bxc6 Bg5 40. Nf3
Bf4+ 41. Kg2 1-0

[Event "BL 1415 OSG Baden Baden - Werder Bremen"]
[Site "?"]
[Date "2015.02.01"]
[Round "9.6"]
[White "Nielsen, Peter Heine"]
[Black "Bluebaum, Matthias"]
[Result "1-0"]
[WhiteElo "2654"]
[BlackElo "2560"]
[PlyCount "85"]
[EventDate "2015.??.??"]

1. d4 d5 2. c4 c6 3. Nc3 dxc4 4. e4 b5 5. a4 b4 6. Nb1 Ba6 7. Qc2 Qxd4 8. Nf3
Qd6 9. Nbd2 c3 10. Nc4 Qc7 11. bxc3 e6 12. g3 Bxc4 13. Bxc4 Nd7 14. O-O Ngf6
15. Rd1 b3 16. Bxb3 Bc5 17. Nd4 O-O 18. a5 e5 19. Nf5 Ng4 20. Rf1 g6 21. h3
Ngf6 22. Nh6+ Kg7 23. Kg2 Be7 24. Bc4 Nc5 25. f3 Nb7 26. a6 Nd6 27. Be2 Rab8
28. Ng4 Nxg4 29. hxg4 Rfd8 30. Rh1 Bf8 31. Be3 f6 32. Rh2 Rd7 33. Qa2 Kh8 34.
Rhh1 Nb5 35. Qe6 Qd6 36. Qxd6 Bxd6 37. Bxb5 cxb5 38. Rhd1 Rbd8 39. Rab1 b4 40.
cxb4 Bb8 41. Rxd7 Rxd7 42. Rc1 Kg7 43. b5 1-0

[Event "BL 1415 OSG Baden Baden - Werder Bremen"]
[Site "?"]
[Date "2015.02.01"]
[Round "9.7"]
[White "Smerdon, David"]
[Black "Gustafsson, Jan"]
[Result "1/2-1/2"]
[WhiteElo "2514"]
[BlackElo "2641"]
[PlyCount "52"]
[EventDate "2015.??.??"]

1. e4 e5 2. Nf3 Nc6 3. d4 exd4 4. Nxd4 Nf6 5. Nxc6 bxc6 6. e5 Qe7 7. Qe2 Nd5 8.
c4 Ba6 9. b3 g6 10. g3 Bg7 11. Bb2 O-O 12. Bg2 Rae8 13. O-O Bxe5 14. Qxe5 Qxe5
15. Bxe5 Rxe5 16. cxd5 Bxf1 17. Kxf1 cxd5 18. f4 Re3 19. Bxd5 Rd3 20. Bf3 Re8
21. Kf2 a5 22. Be2 Rde3 23. Bd1 Rd3 24. Be2 Rde3 25. Bd1 Rd3 26. Be2 Rde3
1/2-1/2

[Event "BL 1415 OSG Baden Baden - Werder Bremen"]
[Site "?"]
[Date "2015.02.01"]
[Round "9.8"]
[White "Schlosser, Philipp"]
[Black "Markgraf, Alexander"]
[Result "1/2-1/2"]
[WhiteElo "2570"]
[BlackElo "2495"]
[PlyCount "43"]
[EventDate "2015.??.??"]

1. c4 f5 2. g3 Nf6 3. Bg2 g6 4. Nc3 Bg7 5. d4 d6 6. d5 O-O 7. Nh3 Na6 8. O-O
Nc5 9. Be3 e5 10. dxe6 Nxe6 11. Nf4 c6 12. Qd2 Ng4 13. Nxe6 Bxe6 14. Bg5 Qa5
15. Qxd6 Bxc4 16. Qf4 Bf7 17. h3 Nf6 18. Rad1 Rfe8 19. g4 Qe5 20. Qxe5 Rxe5 21.
gxf5 gxf5 22. b3 1/2-1/2

[Event "BL 1415 SC Eppingen - Turm Emsdetten"]
[Site "?"]
[Date "2015.02.01"]
[Round "9.2"]
[White "Postny, Evgeny"]
[Black "Spoelman, Wouter"]
[Result "1/2-1/2"]
[WhiteElo "2635"]
[BlackElo "2574"]
[PlyCount "84"]
[EventDate "2015.??.??"]

1. d4 d5 2. c4 c6 3. Nf3 Nf6 4. Nc3 dxc4 5. a4 e6 6. e3 c5 7. Bxc4 Nc6 8. O-O
cxd4 9. exd4 Be7 10. Qe2 O-O 11. Rd1 Nb4 12. Bg5 h6 13. Bxf6 Bxf6 14. Ne4 Nd5
15. Ne5 Be7 16. Nc3 Nxc3 17. bxc3 Qc7 18. Qe4 Bf6 19. Bd3 g6 20. Qf4 Bg5 21.
Qg3 Bd7 22. h4 Bf6 23. Qf4 Kg7 24. h5 g5 25. Qe4 Rh8 26. Nxd7 Qxd7 27. Rab1
Rab8 28. Rb5 Qc6 29. Qxc6 bxc6 30. Ra5 Rb3 31. Rxa7 Rxc3 32. Bg6 Rf8 33. a5 Kg8
34. Be4 Rd8 35. a6 Bxd4 36. Rb7 Ra3 37. a7 e5 38. Bxc6 Rf8 39. Rxd4 exd4 40.
Rd7 d3 41. a8=R Rfxa8 42. Bxa8 Rxa8 1/2-1/2

[Event "BL 1415 SC Eppingen - Turm Emsdetten"]
[Site "?"]
[Date "2015.02.01"]
[Round "9.3"]
[White "Van Foreest, Jorden"]
[Black "Acs, Peter"]
[Result "0-1"]
[WhiteElo "2467"]
[BlackElo "2590"]
[PlyCount "90"]
[EventDate "2015.??.??"]

1. e4 e5 2. Nf3 Nc6 3. d4 exd4 4. Nxd4 Bb4+ 5. c3 Bc5 6. Be3 Bb6 7. Nf5 Bxe3 8.
Nxe3 Nf6 9. f3 O-O 10. Be2 d6 11. O-O Ne7 12. c4 Ng6 13. Nc3 Re8 14. Qd2 Bd7
15. Rad1 a6 16. Ned5 Nxd5 17. Nxd5 f5 18. exf5 Bxf5 19. Rfe1 c6 20. Nc3 Qb6+
21. Kh1 Ne5 22. Bf1 Nf7 23. h3 Qc7 24. Qf4 Bc2 25. Rxe8+ Rxe8 26. Rd2 Re1 27.
Rxc2 Rxf1+ 28. Kh2 Qb6 29. Qf5 g6 30. Qe6 Kg7 31. Ne4 Qe3 32. Qf6+ Kg8 33. h4
Qxe4 34. Qxf7+ Kxf7 35. fxe4 Rf4 36. e5 dxe5 37. g3 Rd4 38. Kg2 Ke6 39. b4 Kf5
40. b5 Kg4 41. bxc6 bxc6 42. c5 e4 43. Kf2 Kf5 44. Rb2 Ra4 45. Rb6 Rxa2+ 0-1

[Event "BL 1415 SC Eppingen - Turm Emsdetten"]
[Site "?"]
[Date "2015.02.01"]
[Round "9.4"]
[White "Braun, Arik"]
[Black "Hector, Jonny"]
[Result "1-0"]
[WhiteElo "2549"]
[BlackElo "2477"]
[PlyCount "137"]
[EventDate "2015.??.??"]

1. d4 d5 2. c4 c6 3. Nf3 Nf6 4. Nc3 dxc4 5. a4 Bf5 6. e3 e6 7. a5 Bb4 8. Qa4
Qe7 9. Bxc4 Nbd7 10. O-O h6 11. Qb3 Rb8 12. Re1 O-O 13. Bd2 Bh7 14. Ne4 Bxd2
15. Nexd2 e5 16. h3 e4 17. Nh2 c5 18. Qa3 b5 19. axb6 axb6 20. Bb5 Rfc8 21.
Nhf1 Nd5 22. Rec1 Nf8 23. Bc4 Nb4 24. dxc5 bxc5 25. Qc3 Rc7 26. Ra5 Nd7 27.
Rca1 Bg6 28. Ng3 Nf6 29. Ra8 Rxa8 30. Rxa8+ Kh7 31. Ne2 Nfd5 32. Bxd5 Nxd5 33.
Qb3 Nb4 34. Nf4 Rd7 35. Nf1 Qd6 36. Qc4 Nd3 37. Ra6 Qe5 38. Nxg6 fxg6 39. b3
Qf5 40. Ra2 Ne5 41. Qc2 Nd3 42. Ng3 Qd5 43. Qc4 Qxc4 44. bxc4 Re7 45. h4 Kg8
46. Ra8+ Kf7 47. Rc8 Re5 48. Rc7+ Kf8 49. Rb7 h5 50. Rd7 Nb2 51. Ne2 g5 52.
hxg5 Rxg5 53. Nf4 Ke8 54. Rc7 Nxc4 55. Ne6 Re5 56. Nxg7+ Kf8 57. Rxc5 Kxg7 58.
Rxc4 Kf6 59. Rc8 Kg6 60. Rf8 Kg7 61. Rf4 Kg6 62. Kf1 Kg5 63. g3 Re8 64. Ke2 Re7
65. Kd2 Rd7+ 66. Kc2 Rc7+ 67. Kb3 Rc8 68. Rxe4 Rf8 69. Rf4 1-0

[Event "BL 1415 SC Eppingen - Turm Emsdetten"]
[Site "?"]
[Date "2015.02.01"]
[Round "9.5"]
[White "Janssen, Ruud"]
[Black "Ruck, Robert"]
[Result "1/2-1/2"]
[WhiteElo "2465"]
[BlackElo "2577"]
[PlyCount "119"]
[EventDate "2015.??.??"]

1. Nf3 Nf6 2. g3 g6 3. b3 Bg7 4. Bb2 c5 5. c4 Nc6 6. Bg2 d6 7. O-O O-O 8. d4
cxd4 9. Nxd4 Bd7 10. Nc3 Qa5 11. e3 Rfc8 12. h3 Rab8 13. a4 a6 14. Re1 Qb4 15.
g4 h6 16. Ra3 Na5 17. Na2 Qb6 18. Bc3 Nc6 19. a5 Qd8 20. Qa1 h5 21. g5 Ne8 22.
f4 e6 23. Nc1 Nxd4 24. Bxd4 Bc6 25. e4 e5 26. fxe5 dxe5 27. Be3 Nc7 28. Ne2 Ne6
29. Qc1 Bf8 30. Ra2 Bc5 31. Bxc5 Nxc5 32. Rd1 Qe7 33. Qe3 b6 34. b4 Ne6 35.
axb6 Qxb4 36. Rxa6 Qxc4 37. Ra5 Qb4 38. Rxe5 Qxb6 39. Qxb6 Rxb6 40. h4 Rb5 41.
Rxb5 Bxb5 42. Rc1 Ra8 43. e5 Re8 44. Nc3 Rc8 45. Ne2 Rxc1+ 46. Nxc1 Nd4 47. Kf2
Bc6 48. Ne2 Nxe2 49. Bxc6 Nd4 50. Bd7 Kf8 51. Ke3 Nb3 52. Bc6 Ke7 53. Bd5 Nc5
54. Kd4 Ne6+ 55. Bxe6 Kxe6 56. Ke4 Ke7 57. Kd4 Ke6 58. Ke4 Ke7 59. Ke3 Kd7 60.
Kd3 1/2-1/2

[Event "BL 1415 SC Eppingen - Turm Emsdetten"]
[Site "?"]
[Date "2015.02.01"]
[Round "9.6"]
[White "Breder, Dennis"]
[Black "Zumsande, Martin"]
[Result "0-1"]
[WhiteElo "2483"]
[BlackElo "2428"]
[PlyCount "96"]
[EventDate "2015.??.??"]

1. e4 e6 2. d4 d5 3. Nd2 Nf6 4. e5 Nfd7 5. c3 c5 6. Bd3 b6 7. Nh3 Ba6 8. Bxa6
Nxa6 9. O-O Nc7 10. Qg4 c4 11. b3 b5 12. a4 a6 13. Ba3 g6 14. Bxf8 Kxf8 15. Nf4
Nb6 16. Rfb1 h5 17. Qf3 Kg7 18. Qg3 cxb3 19. a5 Na4 20. Nxb3 Qe7 21. Rc1 Ne8
22. Nd3 Kh7 23. Nbc5 Nxc5 24. Nxc5 Ng7 25. Rd1 Rhc8 26. Qf4 Nf5 27. Rd3 Rxc5
28. dxc5 Rc8 29. Qb4 Rxc5 30. h3 Qc7 31. g4 Rc4 32. gxf5 Rxb4 33. fxg6+ Kxg6
34. cxb4 Qxe5 35. Rg3+ Kf6 36. Rc1 d4 37. Rf3+ Ke7 38. Kf1 f5 39. Rg3 Kf6 40.
Rc8 Qe4 41. Rcg8 f4 42. Rb3 d3 43. Rb2 Qh1+ 44. Rg1 Qc6 45. Rb1 f3 46. Rg3 d2
47. Rd1 Qc4+ 48. Kg1 Qe2 0-1

[Event "BL 1415 SC Eppingen - Turm Emsdetten"]
[Site "?"]
[Date "2015.02.01"]
[Round "9.7"]
[White "Fiebig, Thomas"]
[Black "Medvegy, Zoltan"]
[Result "1-0"]
[WhiteElo "2408"]
[BlackElo "2527"]
[PlyCount "73"]
[EventDate "2015.??.??"]

1. e4 e6 2. d4 d5 3. Nc3 Bb4 4. Bd3 dxe4 5. Bxe4 Nf6 6. Bf3 O-O 7. Bg5 h6 8.
Bxf6 Qxf6 9. Nge2 Nc6 10. Bxc6 bxc6 11. O-O Bxc3 12. bxc3 c5 13. Ng3 Bb7 14.
Qd3 cxd4 15. cxd4 Rfd8 16. c3 e5 17. Rfd1 exd4 18. cxd4 Rd7 19. Qb5 Qc6 20.
Qxc6 Bxc6 21. Rdc1 Bd5 22. Ne2 Rb8 23. Rc2 Rb4 24. Rd1 c6 25. f3 Rdb7 26. Nf4
Bc4 27. Rdd2 Bb5 28. Rb2 Rxb2 29. Rxb2 g5 30. Nh5 Rb6 31. Nf6+ Kg7 32. Nd7 Ra6
33. Nc5 Ra3 34. Rc2 Kf6 35. Ne4+ Ke6 36. Rc5 Rd3 37. Re5+ 1-0

[Event "BL 1415 SC Eppingen - Turm Emsdetten"]
[Site "?"]
[Date "2015.02.01"]
[Round "9.8"]
[White "Vogt, Lothar"]
[Black "Richter, Christian"]
[Result "1/2-1/2"]
[WhiteElo "2398"]
[BlackElo "2371"]
[PlyCount "43"]
[EventDate "2015.??.??"]

1. e4 e5 2. Nf3 Nc6 3. Bb5 a6 4. Ba4 Nf6 5. O-O b5 6. Bb3 Be7 7. d4 d6 8. dxe5
Nxe5 9. Nxe5 dxe5 10. Qxd8+ Bxd8 11. Be3 Bb7 12. f3 Be7 13. c4 Nd7 14. Nc3 c6
15. a3 Bc5 16. Kf2 Ke7 17. Ba2 Rhd8 18. Rfd1 Bxe3+ 19. Kxe3 Nf8 20. b4 Rxd1 21.
Rxd1 Bc8 22. a4 1/2-1/2

[Event "BL 1415 SF Katernberg - SV Mülheim Nor"]
[Site "?"]
[Date "2015.02.01"]
[Round "9.2"]
[White "Kryvoruchko, Yuriy"]
[Black "Landa, Konstantin"]
[Result "1/2-1/2"]
[WhiteElo "2688"]
[BlackElo "2641"]
[PlyCount "74"]
[EventDate "2015.??.??"]

1. e4 e5 2. Nf3 Nf6 3. Nxe5 d6 4. Nf3 Nxe4 5. Nc3 Nxc3 6. dxc3 Be7 7. Be3 O-O
8. Qd2 b6 9. O-O-O Bb7 10. h4 Nd7 11. Nd4 Ne5 12. Bg5 Qd7 13. Bb5 c6 14. Be2 f6
15. Bf4 c5 16. Nf3 Qe6 17. b3 Rad8 18. Rhe1 d5 19. Bg3 Bd6 20. Nh2 Qd7 21. f4
Nf7 22. Bf3 d4 23. cxd4 cxd4 24. Kb1 Bxf3 25. Nxf3 Qg4 26. Bh2 d3 27. cxd3 a5
28. Re2 Bb4 29. Qe3 Nd6 30. Qxb6 Rb8 31. Qc6 Nb5 32. Rc1 Rfc8 33. Qe6+ Qxe6 34.
Rxe6 Nc3+ 35. Ka1 Nb5 36. Kb1 Nc3+ 37. Ka1 Nb5 1/2-1/2

[Event "BL 1415 SF Katernberg - SV Mülheim Nor"]
[Site "?"]
[Date "2015.02.01"]
[Round "9.3"]
[White "Fridman, Daniel"]
[Black "Romanov, Evgeny"]
[Result "1-0"]
[WhiteElo "2633"]
[BlackElo "2638"]
[PlyCount "73"]
[EventDate "2015.??.??"]

1. d4 d5 2. c4 e6 3. Nf3 Bb4+ 4. Bd2 a5 5. e3 Nf6 6. Nc3 O-O 7. a3 Bxc3 8. bxc3
b6 9. cxd5 exd5 10. c4 Ba6 11. Qc2 c5 12. dxc5 bxc5 13. Bd3 d4 14. O-O Nc6 15.
exd4 Nxd4 16. Nxd4 cxd4 17. Bf4 Re8 18. Rfe1 h6 19. Rxe8+ Qxe8 20. Qb2 Qd8 21.
Rd1 Rc8 22. Bf1 Bxc4 23. Rxd4 Bd5 24. Qb5 Qe7 25. Qxa5 Qe6 26. h3 Qf5 27. Bd3
Qe6 28. a4 Ra8 29. Qd2 Ne4 30. Qb4 Re8 31. a5 Bc6 32. a6 g5 33. Be3 Nf6 34. Rd6
Qe7 35. Qd4 Be4 36. Rxf6 Bxd3 37. Rxh6 1-0

[Event "BL 1415 SF Katernberg - SV Mülheim Nor"]
[Site "?"]
[Date "2015.02.01"]
[Round "9.4"]
[White "Firman, Nazar"]
[Black "Tregubov, Pavel V"]
[Result "0-1"]
[WhiteElo "2459"]
[BlackElo "2611"]
[PlyCount "100"]
[EventDate "2015.??.??"]

1. e4 c5 2. Nf3 Nc6 3. d4 cxd4 4. Nxd4 g6 5. Nc3 Bg7 6. Be3 Nf6 7. Bc4 O-O 8.
Bb3 e6 9. O-O d5 10. exd5 exd5 11. h3 Re8 12. Re1 Be6 13. Nxe6 fxe6 14. Bg5 h6
15. Bh4 Qd7 16. Bxf6 Bxf6 17. Ne4 Qe7 18. Nxf6+ Qxf6 19. c3 Rad8 20. Qg4 Kg7
21. Rad1 a6 22. Re3 b5 23. Qg3 Re7 24. h4 d4 25. Rf3 Qe5 26. Bc2 g5 27. hxg5
hxg5 28. Qg4 dxc3 29. Rxd8 Nxd8 30. Re3 Qf4 31. Qh5 Rf7 32. Qg6+ Kf8 33. Rxc3
Qxf2+ 34. Kh2 Qf4+ 35. Rg3 Rg7 36. Qh6 Qe5 37. Qh8+ Ke7 38. Bg6 Nf7 39. Bxf7
Kxf7 40. Qh5+ Ke7 41. Qh8 g4 42. b4 Kf7 43. a3 Qf5 44. Kg1 Qb1+ 45. Kf2 Rg5 46.
Qc3 Rf5+ 47. Ke3 Qd1 48. Qc7+ Kf6 49. Qc3+ Kg6 50. Qd3 Qe1+ 0-1

[Event "BL 1415 SF Katernberg - SV Mülheim Nor"]
[Site "?"]
[Date "2015.02.01"]
[Round "9.5"]
[White "Berelowitsch, Alexander"]
[Black "Zaragatski, Ilja"]
[Result "1-0"]
[WhiteElo "2543"]
[BlackElo "2469"]
[PlyCount "37"]
[EventDate "2015.??.??"]

1. e4 d6 2. d4 Nf6 3. Nc3 e5 4. Nf3 Nbd7 5. Bc4 exd4 6. Nxd4 Nb6 7. Be2 Be7 8.
O-O O-O 9. a4 a5 10. f4 d5 11. e5 Ne4 12. f5 Bc5 13. f6 g6 14. Kh1 Nc4 15. Bxc4
dxc4 16. Nxe4 Bxd4 17. Qd2 Kh8 18. Qh6 Rg8 19. Ng5 1-0

[Event "BL 1415 SF Katernberg - SV Mülheim Nor"]
[Site "?"]
[Date "2015.02.01"]
[Round "9.6"]
[White "Siebrecht, Sebastian"]
[Black "Hausrath, Daniel"]
[Result "1/2-1/2"]
[WhiteElo "2461"]
[BlackElo "2513"]
[PlyCount "41"]
[EventDate "2015.??.??"]

1. d4 Nf6 2. Nf3 e6 3. c4 Nc6 4. a3 d6 5. Nc3 g6 6. d5 Nb8 7. dxe6 Bxe6 8. Nd4
Bd7 9. g3 Bg7 10. Bg2 Qc8 11. Bg5 O-O 12. Bxf6 Bxf6 13. Nd5 Bd8 14. Nb5 Nc6 15.
Qd2 a6 16. Nbc3 Ne5 17. f4 Nxc4 18. Qd4 c6 19. Qxc4 cxd5 20. Qxc8 Rxc8 21. Bxd5
1/2-1/2

[Event "BL 1415 SF Katernberg - SV Mülheim Nor"]
[Site "?"]
[Date "2015.02.01"]
[Round "9.7"]
[White "Feygin, Michael"]
[Black "Ris, Robert"]
[Result "1-0"]
[WhiteElo "2488"]
[BlackElo "2441"]
[PlyCount "55"]
[EventDate "2015.??.??"]

1. e4 c5 2. Nf3 Nc6 3. Nc3 g6 4. Bb5 Bg7 5. Bxc6 bxc6 6. d3 d6 7. h3 e5 8. O-O
f5 9. exf5 gxf5 10. Ng5 Nf6 11. f4 O-O 12. fxe5 dxe5 13. Nf3 Nd5 14. Bg5 Qd6
15. Qd2 Bd7 16. Be3 Rae8 17. Rad1 Nxe3 18. Qxe3 Qe7 19. Rfe1 Bc8 20. Na4 e4 21.
c3 Qc7 22. Nh2 f4 23. Qxc5 f3 24. Rxe4 Qg3 25. Qf2 Qxf2+ 26. Kxf2 fxg2+ 27.
Kxg2 c5 28. Nxc5 1-0

[Event "BL 1415 SF Katernberg - SV Mülheim Nor"]
[Site "?"]
[Date "2015.02.01"]
[Round "9.8"]
[White "Hoolt, Sarah"]
[Black "Saltaev, Mihail"]
[Result "0-1"]
[WhiteElo "2298"]
[BlackElo "2489"]
[PlyCount "118"]
[EventDate "2015.??.??"]

1. e4 c6 2. d4 d5 3. f3 Qb6 4. c3 e6 5. Bd3 c5 6. Ne2 Nc6 7. Na3 Nf6 8. exd5
Nxd5 9. Nc4 Qc7 10. Ne3 Nf6 11. O-O Be7 12. dxc5 Bxc5 13. Kh1 O-O 14. Qe1 Ne5
15. Bc2 b6 16. b3 Ba6 17. c4 Rfd8 18. Qg3 Rac8 19. Qh3 Ng6 20. Ng4 Nxg4 21.
fxg4 Qe5 22. Nc3 Bd4 23. Bb2 Bb7 24. Rae1 Qg5 25. Be4 Bxe4 26. Nxe4 Qh4 27.
Qxh4 Nxh4 28. Ba3 Ng6 29. Rd1 Be5 30. h3 f6 31. Kg1 Nf4 32. Kf2 Rd4 33. Rxd4
Bxd4+ 34. Kf3 e5 35. Rd1 Ne6 36. Nd6 Rd8 37. Nf5 Kf7 38. Nd6+ Kg6 39. Nf5 Kf7
40. Nd6+ Kg8 41. Nf5 Ng5+ 42. Ke2 Ne6 43. Kf3 g6 44. Ne7+ Kf7 45. Nc6 Ra8 46.
Ke4 Ng5+ 47. Kd5 Ne6 48. Rf1 Bc3 49. g3 Nc7+ 50. Kd6 Ne6 51. h4 e4 52. Bc1 Nd8
53. Rd1 Rc8 54. Kd7 Rxc6 55. Kxd8 Ke6 56. Bf4 b5 57. cxb5 Ba5+ 58. Bc7 Rxc7 59.
b4 Bb6 0-1

[Event "BL 1415 Hansa Dortmund - SG Solingen"]
[Site "?"]
[Date "2015.02.01"]
[Round "9.1"]
[White "Ragger, Markus"]
[Black "Henrichs, Thomas"]
[Result "1-0"]
[WhiteElo "2651"]
[BlackElo "2476"]
[PlyCount "105"]
[EventDate "2015.??.??"]

1. Nf3 f5 2. d4 Nf6 3. Bf4 g6 4. e3 Bg7 5. c4 d6 6. Nc3 Nc6 7. c5 O-O 8. Bc4+
Kh8 9. h4 h6 10. Ng5 Nh5 11. Nf7+ Rxf7 12. Bxf7 Nxf4 13. exf4 Nxd4 14. h5 g5
15. fxg5 dxc5 16. g6 Qd6 17. O-O Bd7 18. Re1 e5 19. Nd5 Rf8 20. Ne3 e4 21. Qc1
b5 22. Nf1 c4 23. Qd2 c5 24. Rad1 Bc6 25. Ng3 Qf6 26. Qf4 Qe5 27. Qxe5 Bxe5 28.
Rd2 Rxf7 29. gxf7 Kg7 30. Ne2 Kxf7 31. Red1 Nxe2+ 32. Rxe2 Bd4 33. Red2 Ke6 34.
Rxd4 cxd4 35. Rxd4 Bd5 36. Kf1 Ke5 37. Rd1 b4 38. Ke2 c3 39. bxc3 bxc3 40. g3
c2 41. Rc1 Bc4+ 42. Ke3 Bd3 43. f3 Kd5 44. fxe4+ Bxe4 45. Kd2 Ke5 46. Re1 Kd4
47. Re2 a5 48. Re1 a4 49. a3 Ke5 50. Re3 Kf6 51. g4 Kg5 52. gxf5 Kxf5 53. Rc3
1-0

[Event "BL 1415 Hansa Dortmund - SG Solingen"]
[Site "?"]
[Date "2015.02.01"]
[Round "9.2"]
[White "Hera, Imre Jr"]
[Black "L'Ami, Erwin"]
[Result "1/2-1/2"]
[WhiteElo "2581"]
[BlackElo "2613"]
[PlyCount "142"]
[EventDate "2015.??.??"]

1. d4 Nf6 2. c4 e6 3. g3 Bb4+ 4. Bd2 Bxd2+ 5. Qxd2 O-O 6. Bg2 d5 7. Nf3 c6 8.
O-O Nbd7 9. Rc1 b6 10. cxd5 cxd5 11. Nc3 Bb7 12. Nb5 Ne8 13. Qf4 Ndf6 14. Nc7
Rc8 15. Nxe8 Rxe8 16. Rxc8 Qxc8 17. Rc1 Qb8 18. Qxb8 Rxb8 19. Rc7 Ne8 20. Rd7
Nf6 21. Rc7 Ne8 22. Re7 Kf8 23. Rd7 Nf6 24. Rc7 Ne8 25. Rd7 Nf6 26. Ne5 Nxd7
27. Nxd7+ Ke7 28. Nxb8 Kd6 29. e4 Kc7 30. exd5 exd5 31. Na6+ Bxa6 32. Bxd5 f6
33. f4 Kd6 34. Bg8 h6 35. Kf2 Bb7 36. Ke3 a5 37. Bh7 Bd5 38. a3 g5 39. h4 gxh4
40. gxh4 Bc6 41. Be4 Bd7 42. Kf3 Be6 43. Bc2 Bd7 44. Ke4 Bg4 45. Bb3 Bh3 46.
Bg8 Bg4 47. Kd3 Bh3 48. Kc3 Bg4 49. b4 axb4+ 50. Kxb4 Bd7 51. Bf7 Bc6 52. Bc4
Be8 53. Kc3 Bd7 54. Bf7 Ke7 55. Bg6 Kd6 56. Be4 Be8 57. Kd3 Bd7 58. Ke3 Be6 59.
Kf3 Bd7 60. Ke3 Be6 61. Kd3 Bd7 62. Kc4 Be8 63. Bh7 Bc6 64. Bg8 Be8 65. d5 Kc7
66. Be6 Bh5 67. Kd4 Bd1 68. Ke4 Bc2+ 69. Kd4 Bd1 70. Ke4 Bc2+ 71. Kd4 Bd1
1/2-1/2

[Event "BL 1415 Hansa Dortmund - SG Solingen"]
[Site "?"]
[Date "2015.02.01"]
[Round "9.3"]
[White "Nikolic, Predrag"]
[Black "Korpa, Bence"]
[Result "1-0"]
[WhiteElo "2592"]
[BlackElo "2415"]
[PlyCount "111"]
[EventDate "2015.??.??"]

1. d4 Nf6 2. c4 e6 3. Nf3 d5 4. Nc3 c5 5. cxd5 Nxd5 6. e3 Be7 7. Bc4 Nxc3 8.
bxc3 cxd4 9. cxd4 Bb4+ 10. Bd2 Bxd2+ 11. Qxd2 O-O 12. O-O b6 13. d5 Ba6 14.
Bxa6 Nxa6 15. dxe6 fxe6 16. Qxd8 Rfxd8 17. a4 Nc5 18. Rfb1 Kf7 19. a5 Kf6 20.
h4 Rab8 21. Rb5 h6 22. axb6 axb6 23. Rab1 Ne4 24. R1b4 Rd1+ 25. Kh2 Rd5 26.
Rxd5 exd5 27. g4 Nxf2 28. Rf4+ Ke7 29. Nd4 Rf8 30. Nf5+ Kd7 31. Rxf2 g6 32. e4
gxf5 33. exf5 Ke7 34. Kg3 Rd8 35. Kf4 d4 36. g5 hxg5+ 37. hxg5 d3 38. Rd2 b5
39. Ke4 b4 40. Rxd3 Rb8 41. Rb3 Rb5 42. Kf4 Kf7 43. Kg4 Kg7 44. g6 Kf6 45. Rd3
b3 46. Rd6+ Ke7 47. Re6+ Kf8 48. f6 b2 49. g7+ Kf7 50. Re8 Kxe8 51. g8=Q+ Kd7
52. Qh7+ Ke6 53. Qe7+ Kd5 54. Qd7+ Kc4 55. Qc6+ Rc5 56. Qa4+ 1-0